Building women : (Record no. 122172)

MARC details
000 -LEADER
fixed length control field 00990nam a22002898i 4500
001 - CONTROL NUMBER
control field BDZ0057410829
003 - CONTROL NUMBER IDENTIFIER
control field StDuBDS
005 - DATE AND TIME OF LATEST TRANSACTION
control field 20250618115142.0
008 - FIXED-LENGTH DATA ELEMENTS--GENERAL INFORMATION
fixed length control field 250520s2025 enk 000|0|eng|d
020 ## - INTERNATIONAL STANDARD BOOK NUMBER
International Standard Book Number 9781781339183 (pbk.) :
Terms of availability ?19.99
040 ## - CATALOGING SOURCE
Original cataloging agency StDuBDS
Language of cataloging eng
Description conventions rda
Transcribing agency StDuBDS
Modifying agency StDuBDSZ
050 #4 - LIBRARY OF CONGRESS CALL NUMBER
Classification number HD9715.A2
Item number A4 2025
072 #7 - SUBJECT CATEGORY CODE
Subject category code IND
Source ukslc
082 04 - DEWEY DECIMAL CLASSIFICATION NUMBER
Classification number 338.47624
Edition number 23
100 1# - MAIN ENTRY--PERSONAL NAME
Personal name Allen, Faye,
Relator term author.
245 10 - TITLE STATEMENT
Title Building women :
Remainder of title how everyone in construction can win /
Statement of responsibility, etc. Faye Allen.
263 ## - PROJECTED PUBLICATION DATE
Projected publication date 202506
264 #1 - PRODUCTION, PUBLICATION, DISTRIBUTION, MANUFACTURE, AND COPYRIGHT NOTICE
Place of production, publication, distribution, manufacture Gorleston :
Name of producer, publisher, distributor, manufacturer Rethink Press,
Date of production, publication, distribution, manufacture, or copyright notice 2025.
300 ## - PHYSICAL DESCRIPTION
Extent 356 pages ;
Dimensions 22 cm
336 ## - CONTENT TYPE
Content type term text
Source rdacontent
337 ## - MEDIA TYPE
Media type term unmediated
Source rdamedia
338 ## - CARRIER TYPE
Carrier type term volume
Source rdacarrier
520 8# - SUMMARY, ETC.
Summary, etc. 'Building Women' is a call to action, showing how we can all work together to promote gender equality, improve the culture in construction and make things better for everyone.
650 #0 - SUBJECT ADDED ENTRY--TOPICAL TERM
Topical term or geographic name entry element CONSTRUCTION INDUSTRY
650 #0 - SUBJECT ADDED ENTRY--TOPICAL TERM
Topical term or geographic name entry element EQUALITY
942 ## - ADDED ENTRY ELEMENTS (KOHA)
Source of classification or shelving scheme Dewey Decimal Classification
Holdings
Withdrawn status Lost status Source of classification or shelving scheme Damaged status Not for loan Home library Current library Shelving location Date acquired Total Checkouts Full call number Date last seen Price effective from Koha item type
    Dewey Decimal Classification     London London Staff library 18/06/2025   STAFF LIBRARY - WOMEN 18/06/2025 18/06/2025 Book